1950s Songs - Statistics

General Stats
  • This quiz has been taken 60 times
  • The average score is 7 of 10
Answer Stats
Year Song Artist % Correct
1956 Hound Dog Elvis Presley
98%
1957 Peggy Sue Buddy Holly
90%
1954 Rock Around The Clock Bill Haley & His Comets
84%
1958 Johnny B. Goode Chuck Berry
82%
1955 Folsom Prison Blues Johnny Cash
82%
1950 The Fat Man Fats Domino
68%
1953 Your Cheatin' Heart Hank Williams
62%
1959 What I'd Say Ray Charles
54%
1951 Dust My Broom Elmore James
22%
1952 Juke Little Walter
10%
No matching quizzes found
Score Distribution
Percent of People with Each Score
Percentile by Number Answered
Your Score History
You have not taken this quiz